000
00291nam a2200097Ia 4500
082
_a
641.56314|STEE
245
0
_a
The South African glycemic index and load guide
100
_a
STEENKAMP, Gabi [South Africa], ©200
_9
66562
942
_c
BK
008
210817s9999 xx 000 0 und d
999
_c
213666
_d
213665